000 00963cam a2200253Mi 4500
005 20180118154104.0
008 171108s2013 sp r 000 0 spa d
020 _a9788415351825
020 _a8415351828
035 _a(OCoLC)846471453
040 _aCo-BoUCM
_bspa
_cSandra Palacio
_dSandra Palacio
041 0 _aspa
060 _aWS 320
245 0 0 _aManual de técnicas de depuración extrarrenal aguda en niños
_ceditores, Jesús López-Herce Cid, Luis J. Ferrero de la Mano
260 _aMadrid (España)
_bErgon
_c2013
300 _a110 páginas
_bilustraciones
650 7 _aNefrología pediátrica
_920147
650 2 7 _aInsuficiencia renal aguda
_xNiños
_xTratamiento
_917800
650 2 7 _aHemodiálisis
_9223
650 2 7 _aEnfermedades del aparato urinario
_914357
_xNiños
700 1 _aLópez-Herce Cid, Jesús
_eeditor
_988693
700 1 _aFerrero de la Mano, Luis J.
_eeditor
_988694
942 _2NLM
_cLIBRO
_a15
_e1
_hWS 320
_mM294ma
_n0
999 _c308354
_d308354